| 000 | 00743nam a2200253 a 4500 | ||
|---|---|---|---|
| 003 | AR-BaBNM | ||
| 005 | 20251128210936.0 | ||
| 008 | 082120s2002 ||||||||||||||000 | spa|| | ||
| 040 | _cAR-BaBNM | ||
| 100 | 1 | _aRamos González, Sebastián | |
| 245 | 0 | 0 |
_aLa práctica del método global _bla enseñanza del idioma desarrollada en 75 clases |
| 250 | _a2ª ed. | ||
| 260 |
_aBuenos Aires _bLuis Lasserre _c1963 |
||
| 300 |
_a190 p. _bgráfs., il. |
||
| 650 | 4 | _aMETODO GLOBAL | |
| 650 | 4 | _aMETODOS DE ENSEÑANZA | |
| 650 | 4 | _aMATERIAL DIDACTICO | |
| 650 | 4 | _aACTIVIDADES DE APRENDIZAJE | |
| 650 | 4 | _aDIFICULTADES EN EL APRENDIZAJE | |
| 653 | _aENSENANZA DE LA LENGUA | ||
| 653 | _aLECTOESCRITURA | ||
| 942 | _cBK | ||
| 998 | _cRAQUEL | ||
| 999 |
_c17560 _d17560 |
||